000 00696nam a2200229 4500
003 OSt
005 20260530115257.0
008 260508b2006 mx ||||| |||| 00| 0 spa d
020 _a9682473438
040 _aICI
_bspa
_cICI
041 _aspa
050 _aNK1390
_bC65 2001
100 1 _aComisarenco Mirkin, Dina,
_eautor
245 1 0 _aDiseño Industrial Mexicano e Internacional :
_bmemoria y futuro /
_cDina Comisarenco Mirkin
264 1 _aMéxico :
_bEditorial Trillas,
_c2006
300 _a254 páginas :
_bilustraciones
336 _atexto
_2rdacontent
337 _asin medio
_2rdamedia
338 _avolumen
_2rdacarrier
650 4 _aDiseño industrial
_zMéxico
942 _2lcc
_cBK
_n1
999 _c12658
_d12658